01681nam a2200397 i 4500003000900000005001700009008004100026040004300067041001800110049001200128082001700140097000900157099002000166100002000186245020700206264006000413300002400473336002200497337002600519338002400545500000900569502010400578504003900682546004500721650003000766653000600796655008500802700001800887710004100905856005600946900008401002905000701086942001901093999001001112952016101122EG-GICUC20260211133059.0260211s1948 -uk |||| |||| 00| 0 eng d aEG-GICUCcEG-GICUCdEG-GICUCerdabeng0 aengbengdeng aDeposit04221a348.8042 aPh.D aLaw 12 PHD 19480 aBarakateAuthor12aThe Status of Aliens in Egypt Since 1937, with a Sketch of the Historical Development of Their Position and a Comparison of the Present Law in Egypt with the British Law as to Aliens /cby G.D. Barakat. 0aEngland :bUniversity of Oxford - Oriel College,c1948. a336 Pages ;c24 cm. 2rda contentaText 2rda mediaaunmediated 2rda carrieravolume aEng. a PHD Thesis - University of Oxford, Oriel College, Department of Private International Law , 1948. aIncludes bibliographic references. aText in English and abstract in English.04aPrivate International Law 0a. 4aUniversity theseszUniversity of OxfordxDepartment of Private International Law0 a.eAnnotator.2 aUniversity of Oxford.bOriel College uhttps://fll.law.cu.edu.eg/fulltext/th/T12-00374.pdf b1948UCairo UniversityFFaculty of LawDDepartment of Private International Law a64 2ddcn0cTHe21 c62602 2ddc8القانون الدولي الخاص966863aCUbLAW1d2026-02-11oLaw1 ENG 12 PHD 1948 1200374 C1pT12-00374r2026-02-11 13:31:40t1w2026-02-11yTH